000 00286nam a22001217a 4500
008 170529b xxu||||| |||| 00| 0 eng d
041 _aeng
080 _22ND
_a621.3
100 _a27
101 _aIM
245 _aTHE PHYSICS OF ELECTRICITY AND MAGNETISM
_cSCOTT, W.T
942 _2udc
_cBK
999 _c14763
_d14763